Statistiques concernant Focus sur : les lémuriens

Cliquez ici pour prendre le quiz!

Statistiques générales

  • Ce quiz a été pris 5 fois
  • Le résultat moyen est 4 sur 10

Statistiques - réponses

QuestionRéponse% Correct
Ils ont une couleur (pas forcément sur tout le corps)Blanche
80%
La quelle de cette double espèce existeLe lémurien-paresseux
80%
Y-a-t-il des lémurien sur madagascar ?Oui
80%
Sont-ils dans les zoosOui
80%
Un de ces proches cousins estLe Potto
40%
Si oui, comment sont-ils arrivés ?Par tapis de végétation (radeau)
40%
Ils pèsent entrent :30g et 9 Kg
20%
Quelle espèce de lémurien a été identifié à part entière en 2006Lepilemur sahamalazensis
20%
Le nom "lémuriens" leur à été donné parCarl von Linné
0%
Les lémuriens sont des primates...Hominoïdes
0%

Distribution des résultats

Percentile par nombre de réponses

% des personnes avec chaque résultat

Votre développement - résultats

Vous n’avez pas pris ce quiz